Asian admirable achievers : volume fourth.
| Main Author: | |
|---|---|
| Format: | Book |
| Published: |
New Delhi:
Rifacimento International,
2010.
|
| Subjects: |
| LEADER | 00407cam a2200145 7i4500 | ||
|---|---|---|---|
| 001 | 0000026917 | ||
| 005 | 20111004090000.0 | ||
| 090 | 0 | 0 | |a B 920.05 |b BUS |
| 100 | 1 | 0 | |a Bushan |
| 245 | 1 | 0 | |a Asian admirable achievers : |b volume fourth. |
| 260 | 0 | 0 | |a New Delhi: |b Rifacimento International, |c 2010. |
| 300 | # | # | |a 536p. |
| 650 | 0 | 0 | |a Who's who -- |z Asia |
| 651 | 0 | 0 | |a Asia |
| 999 | |a 0000029373 |b Book |c Book |e Business Information Centre | ||